Pro-apoptózový účinok vybraných fotoindukovateľných chinolónových derivátov diplomová práca CD

Saved in:
Bibliographic Details
Main Author: Mrvová, Nataša
Format: Software Book
Language:English
Published: Bratislava STU FCHPT 2013
Online Access:View in OPAC
Tags: Add Tag
No Tags, Be the first to tag this record!

MARC

LEADER 00000nam a2200000 a 4500
005 20260127134148.0
007 co ugu uaaua
008 130715 000 0 eng d
035 |a vtls010527647 
039 9 |y 201307151432  |z mschk03 
040 |a STUSCHK1  |b slo  |c STUSCHK1  |e AACR2 
100 1 |a Mrvová, Nataša 
245 1 |a Pro-apoptózový účinok vybraných fotoindukovateľných chinolónových derivátov  |b diplomová práca CD  |c Nataša Mrvová 
260 |a Bratislava  |b STU FCHPT  |c 2013 
300 |a 1 optický disk 
500 |a Obhájené: 12.06.2013 
500 |a Štud. odbor: biotechnológie 
500 |a Škol. pracovisko: Oddelenie biochémie a mikrobiológie 
500 |a Evid. číslo: FCHPT-5421-58276 
910 |a SCHK95 
999 |c 5510  |d 5510